Detalles MARC
| 000 -CABECERA |
| campo de control de longitud fija |
02781nam a2200313 i 4500 |
| 001 - NÚMERO DE CONTROL |
| campo de control |
16409 |
| 003 - IDENTIFICADOR DEL NÚMERO DE CONTROL |
| campo de control |
DO-SdUEMH |
| 005 - FECHA Y HORA DE LA ÚLTIMA TRANSACCIÓN |
| campo de control |
20260211213039.0 |
| 007 - CAMPO FIJO DE DESCRIPCIÓN FÍSICA--INFORMACIÓN GENERAL |
| campo de control de longitud fija |
ta |
| 008 - DATOS DE LONGITUD FIJA--INFORMACIÓN GENERAL |
| campo de control de longitud fija |
211105s2010||||dr a|||gr|||| 0|| | spa d |
| 020 ## - NÚMERO INTERNACIONAL ESTÁNDAR DEL LIBRO |
| Número Internacional Estándar del Libro |
9789945443622 (serie) |
| 020 ## - NÚMERO INTERNACIONAL ESTÁNDAR DEL LIBRO |
| Número Internacional Estándar del Libro |
9789945443639 (v. 159) |
| 040 ## - FUENTE DE LA CATALOGACIÓN |
| Centro catalogador/agencia de origen |
DO-SdUEMH |
| Lengua de catalogación |
spa |
| Normas de descripción |
rda |
| 041 ## - CÓDIGO DE LENGUA |
| Código de lengua del texto/banda sonora o título independiente |
spa |
| 082 14 - NÚMERO DE LA CLASIFICACIÓN DECIMAL DEWEY |
| Número de clasificación |
RD383.47293 B213E 2010 |
| Colección |
Colección Dominicana |
| 084 ## - OTRO NÚMERO DE CLASIFICACIÓN |
| Item number |
18-00038 |
| 110 ## - ENTRADA PRINCIPAL--NOMBRE DE ENTIDAD CORPORATIVA |
| Nombre de entidad corporativa o nombre de jurisdicción como elemento de entrada |
República Dominicana: Banco Central |
| 245 #0 - MENCIÓN DE TÍTULO |
| Título |
Exposiciones Temporales en el Museo Numismático y Filatélico |
| 260 ## - PUBLICACIÓN, DISTRIBUCIÓN, ETC. |
| Date of publication, distribution, etc. |
2010 |
| 264 #1 - PRODUCCIÓN, PUBLICACIÓN, DISTRIBUCIÓN, FABRICACIÓN Y COPYRIGHT |
| Lugar de producción, publicación, distribución, fabricación |
Santo Domingo, República Dominicana : |
| Nombre del de productor, editor, distribuidor, fabricante |
Banco Central, |
| Fecha de producción, publicación, distribución, fabricación o copyright |
2010 |
| 264 #4 - PRODUCCIÓN, PUBLICACIÓN, DISTRIBUCIÓN, FABRICACIÓN Y COPYRIGHT |
| Fecha de producción, publicación, distribución, fabricación o copyright |
©2010 |
| 300 ## - DESCRIPCIÓN FÍSICA |
| Extensión |
399 páginas : |
| Otras características físicas |
ilustraciones ; |
| Dimensiones |
22 cm. |
| 336 ## - TIPO DE CONTENIDO |
| Fuente |
rdacontent |
| Término de tipo de contenido |
texto |
| Código de tipo de contenido |
txt |
| 337 ## - TIPO DE MEDIO |
| Fuente |
rdamedia |
| Nombre del tipo de medio |
sin mediación |
| Código del tipo de medio |
n |
| 338 ## - TIPO DE SOPORTE |
| Fuente |
rdacarrier |
| Nombre del tipo de soporte |
volumen |
| Código del tipo de soporte |
nc |
| 505 #2 - NOTA DE CONTENIDO CON FORMATO |
| Nota de contenido con formato |
Veinte años del Museo Numismático y Filatélico -- Palabras de bienvenida -- Veinte años de historia numismática en el Banco Central -- Sinopsis Histórica -- Contenido de la Exposición -- Los Padres de la Patria y la Independencia Nacional -- Presentación -- Introducción -- Perfiles Biográficos -- Mujeres en la Independencia Nacional -- Cronología de gobiernos y gobernantes de la República Dominicana 1844-1848 -- Contenido de la Exposición -- Exvotos, Promesas y Milagros del Santuario de Higüey -- Palabras de apertura -- Presentación -- Introducción -- Contenido de la Exposición de “Exvotos” -- Deportes y Filatelia -- Presentación -- Introducción -- Los Sellos Deportivos -- El Coleccionismo Filatélico -- Contenido de la exposición -- Mujeres de la Independencia -- Palabras de apertura -- Introducción -- Presentación -- Mujeres de la Independencia -- Monedas del Imperio Romano -- Presentación -- Introducción -- Contenido de la Exposición -- Bibliografía -- Juan Pablo Duarte y la Independencia Nacional. Monedas, billetes, medallas y tarjetas -- Presentación -- Introducción -- Monedas -- Billetes -- Juan Pablo Duarte en España -- Notas sobre tapices -- Fichas de la República Dominicana -- Presentación -- Introducción. Las fichas en la República Dominicana -- Contenido de la exposición -- La Independencia Nacional y Centroamérica -- Presentación -- Introducción -- Contenido de la exposición -- Bibliografía -- Medio Ambiente y Filatelia Dominicana -- Presentación -- Introducción -- Contenido de la exposición -- Obras consultadas -- Monumentos de la República Dominicana -- Presentación -- Introducción -- Contenido de la exposición -- Bibliografía -- Monedas Conmemorativas XXV Aniversario Museo Numismático y Filatélico -- Presentación -- Introducción -- Contenido de la exposición -- Sinopsis histórica del museo. |
| 942 ## - ELEMENTOS DE PUNTO DE ACCESO ADICIONAL (KOHA) |
| Fuente del sistema de clasificación o colocación |
Dewey Decimal Classification |
| Tipo de ítem Koha |
Libro |
| Suprimir en OPAC |
No |